Central Library OPAC University of Rajshahi

বাংলা সাহিত্যে মুহাম্মদ শহীদুল্লাহ্‌ / (Record no. 49175)

MARC details
000 -LEADER
fixed length control field 00905nam a2200217 a 4500
001 - CONTROL NUMBER
control field 49175
003 - CONTROL NUMBER IDENTIFIER
rucl marc code BD-RjUL
005 - DATE AND TIME OF LATEST TRANSACTION
control field 20211209054638.0
008 - FIXED-LENGTH DATA ELEMENTS--GENERAL INFORMATION
fixed length control field 160818s1968 ii a|||| |||| 00| 0 ben d
035 ## - SYSTEM CONTROL NUMBER
System control number (BD-RjUL)49294
040 ## - CATALOGING SOURCE
Original cataloging agency BD-RjUL
Language of cataloging ben
Transcribing agency BD-RjUL
041 ## - LANGUAGE CODE
Language code of text/sound track or separate title ben
082 ## - DEWEY DECIMAL CLASSIFICATION NUMBER
Edition number 23
Classification number 891.4409
Author mark and year KHB 1968
100 ## - MAIN ENTRY--PERSONAL NAME
Personal name খান্‌, আজহারউদ্দীন
9 (RLIN) 119647
245 ## - TITLE STATEMENT
Title বাংলা সাহিত্যে মুহাম্মদ শহীদুল্লাহ্‌ /
Statement of responsibility, etc. আজহারউদ্দীন খান্
260 ## - PUBLICATION, DISTRIBUTION, ETC. (IMPRINT)
Place of publication, distribution, etc. কলিকাতা :
Name of publisher, distributor, etc. জিজ্ঞাসা,
Date of publication, distribution, etc. ১৯৬৮
300 ## - PHYSICAL DESCRIPTION
Pagination ১৭৮ পৃ.:
Illustrations চিত্র ;
Size ২১ সেমি.
650 ## - SUBJECT ADDED ENTRY--TOPICAL TERM
Topical term or geographic name as entry element বাংলা সাহিত্য
Form subdivision ইতিহাস ও সমালোচনা
9 (RLIN) 117445
Topical term or geographic name as entry element Bengali Literature
Form subdivision History and Criticism
9 (RLIN) 147827
942 ## - ADDED ENTRY ELEMENTS (KOHA)
Source of classification or shelving scheme Dewey Decimal Classification
Koha item type Books
Holdings
Lost status Source of classification or shelving scheme Damaged status Not for loan Collection code Permanent Location Current Location Shelving location Date acquired Source of acquisition Total Checkouts Full call number Date last seen Copy number Koha item type Cost, normal purchase price
  Dewey Decimal Classification     Non-fiction Central Library, University of Rajshahi Central Library, University of Rajshahi   25/08/1973 India Govt.   B 891.4409 KHB 1968 18/08/2016 C-2 Books  
  Dewey Decimal Classification     Non-fiction Central Library, University of Rajshahi Central Library, University of Rajshahi   09/11/1974 Jonathan Oyaren and co.   B 891.4409 KHB 1968 20/08/2016 C-3 Books 7.50